Ekonometria v študijnom programe Operačný výskum a ekonometria

Štúdium ekonometrie na Slovensku je pod stálou gesciou Katedry operačného výskumu a ekonometrie Ekonomickej univerzity v Bratislave, lebo ako jediné univerzitné pracovisko ponúka študijný program, v ktorom nie je ekonometria len doplnkom, ale predstavuje jeden z hlavných smerov štúdia. Ďalšie možnos...

Ausführliche Beschreibung

Gespeichert in:
Bibliographische Detailangaben
1. Verfasser: Lukáčik, Martin, 1974-
Format: Buchkapitel
Sprache:Slowakisch
Schlagworte:
Tags: Tag hinzufügen
Keine Tags, Fügen Sie das erste Tag hinzu!

MARC

LEADER 00000nla a2200000 4500
001 0174613
005 20240502072958.0
041 0 |a slo 
044 |a SK 
245 1 0 |a Ekonometria v študijnom programe Operačný výskum a ekonometria  |c Martin Lukáčik 
520 |a Štúdium ekonometrie na Slovensku je pod stálou gesciou Katedry operačného výskumu a ekonometrie Ekonomickej univerzity v Bratislave, lebo ako jediné univerzitné pracovisko ponúka študijný program, v ktorom nie je ekonometria len doplnkom, ale predstavuje jeden z hlavných smerov štúdia. Ďalšie možnosti vývoja výučby ekonometrie. 
610 2 0 |a ekonometria 
610 2 0 |a výučba vedecká 
610 2 0 |a Ekonomická univerzita v Bratislave 
100 1 |a Lukáčik, Martin, 1974-